Normal view
MARC view
- SREEJA.K (CO-GUIDE)
Entry Personal Name
001 - CONTROL NUMBER
- control field: 5491
003 - CONTROL NUMBER IDENTIFIER
- control field: OSt
005 - DATE AND TIME OF LATEST TRANSACTION
- control field: 20230624123712.0
008 - FIXED-LENGTH DATA ELEMENTS
- fixed length control field: 230624|| aca||aabn | a|a d
040 ## - CATALOGING SOURCE
- Original cataloging agency: OSt
- Transcribing agency: OSt
100 ## - HEADING--PERSONAL NAME
- Personal name: SREEJA.K (CO-GUIDE)
670 ## - SOURCE DATA FOUND
- Source citation: Work cat.: (OSt)17715: ANAMIKA SATHEESH SHALINI R SISIRA K S SWET RAJ 5490, REFINEMENT AND EVALUATION OF AUTOMATED NUTRIENT MONITORING AND CONTROL SYSTEM FOR SPINACH IN HYDROPONICS, 2023
